Enseñar literatura: fundamentos teóricos. Propuesta didáctica

Gardado en:
Detalles Bibliográficos
Main Authors: López Casanova, Martina (autora), Fernández, Adriana (Author)
Formato: Libro
Idioma:Lingua castelá
Publicado: Buenos Aires Manantial 2005
Edición:1a. ed
Series:Biblioteca del Docente
Subjects:
Tags: Engadir etiqueta
Sen Etiquetas, Sexa o primeiro en etiquetar este rexistro!

MARC

LEADER 00000nam a2200000 a 4500
001 UCG4700
003 CL-VaPUC
008 101118e20050000AG |||||||||||||||||spa|d
020 |a 9875000868 
082 0 4 |a 809.7  |b LOP  |2 21 
100 |a López Casanova, Martina  |e autora  |9 554142 
700 0 |a Fernández, Adriana  |e author  |9 554143 
245 1 0 |a Enseñar literatura: fundamentos teóricos. Propuesta didáctica 
250 |a 1a. ed 
300 |a 160 p 
942 |c BK 
945 |d 20101118 00:00:00  |a mfarfan 
260 |a Buenos Aires  |b Manantial  |c 2005 
650 0 |a Historia de la literatura  |9 322206 
650 0 |a Métodos de enseñanza  |9 270413 
583 |a last modification  |c 20101118 00:00:00  |k Rodrigo Vera 
490 0 |a Biblioteca del Docente 
999 |c 343366  |d 343364 
952 |0 0  |1 0  |4 0  |6 809_700000000000000_LOP_2005  |7 0  |8 A  |9 440627  |a FDOPOS  |b FDOPOS  |d 2019-11-22  |i 4736931  |o 809.7 LOP 2005  |p 4736931  |r 2025-01-22  |w 2019-11-22  |y BK  |k DLH